Mensajes de Juan Pablo II al pueblo de Chile
Wedi'i Gadw mewn:
| Prif Awdur: | |
|---|---|
| Fformat: | Llyfr |
| Iaith: | Sbaeneg |
| Cyhoeddwyd: |
Santiago
Prensa Vaticana
1987
|
| Pynciau: | |
| Tagiau: |
Ychwanegu Tag
Dim Tagiau, Byddwch y cyntaf i dagio'r cofnod hwn!
|
MARC
| LEADER | 00000cam a2200000 a 4500 | ||
|---|---|---|---|
| 001 | UCR1837 | ||
| 003 | CL-VaPUC | ||
| 008 | 971219e19870000CL |||||||||||||||||spa|d | ||
| 082 | 0 | 4 | |a 262.91 |b JUA |2 21 |
| 100 | |a Juan Pablo II |e author |9 309920 | ||
| 245 | 1 | 0 | |a Mensajes de Juan Pablo II al pueblo de Chile |
| 300 | |a 210 p | ||
| 942 | |c BK | ||
| 945 | |d 19971219 00:00:00 |a jquezada | ||
| 260 | |a Santiago |b Prensa Vaticana |c 1987 | ||
| 600 | 0 | |a Juan Pablo II |9 309920 | |
| 600 | 0 | |a Iglesia católica |9 255129 | |
| 650 | 0 | |a Eclesiología |9 366152 | |
| 650 | 0 | |a Discurso |9 351973 | |
| 650 | 0 | |a Comunicación |9 257251 | |
| 650 | 7 | |a HOMILIA |2 CL-VaPUC |9 399373 | |
| 650 | 7 | |a BEATIFICACION |2 CL-VaPUC |9 399374 | |
| 650 | 0 | |a Jóvenes |9 326981 | |
| 650 | 7 | |a POBLADORES |2 CL-VaPUC |9 399375 | |
| 650 | 0 | |a Sacerdotes |9 315705 | |
| 650 | 7 | |a DIACONOS |2 CL-VaPUC |9 257352 | |
| 650 | 7 | |a SEMINARISTAS |2 CL-VaPUC |9 399376 | |
| 583 | |a last modification |c 20160908 04:23:27 |k Rodrigo Vera | ||
| 999 | |c 265198 |d 265196 | ||
| 952 | |0 0 |1 0 |4 0 |6 262_910000000000000_JUA_1987 |7 0 |8 A |9 296032 |a BIBTEO |b BIBTEO |d 2019-11-20 |i 337212K |o 262.91 JUA 1987 |p 337212K |r 2025-01-17 |w 2019-11-20 |y BK |k ICR | ||
| 952 | |0 0 |1 2 |4 0 |6 262_910000000000000_JUA_1987 |7 0 |8 A |9 296033 |a BIBTEO |b BIBTEO |d 2019-11-20 |i 3372138 |o 262.91 JUA 1987 |p 3372138 |r 2019-11-20 |w 2019-11-20 |x Descarte 2019 |y BK |k ICR | ||
| 952 | |0 0 |1 2 |4 0 |6 262_910000000000000_JUA_1987 |7 0 |8 A |9 296034 |a BIBTEO |b BIBTEO |d 2019-11-20 |i 3372146 |o 262.91 JUA 1987 |p 3372146 |r 2019-11-20 |w 2019-11-20 |x Descarte 2019 |y BK |k ICR | ||
| 952 | |0 0 |1 0 |4 0 |6 262_910000000000000_JUA_1987 |7 0 |8 A |9 296035 |a BIBTEO |b BIBTEO |d 2019-11-20 |i 3372154 |o 262.91 JUA 1987 |p 3372154 |r 2019-11-20 |w 2019-11-20 |y BK |k ICR | ||
| 952 | |0 0 |1 0 |4 0 |6 262_910000000000000_JUA_1987 |7 0 |8 A |9 296036 |a BIBTEO |b BIBTEO |d 2019-11-20 |i 3372162 |o 262.91 JUA 1987 |p 3372162 |r 2025-01-17 |w 2019-11-20 |y BK |k ICR | ||
| 952 | |0 0 |1 0 |3 erb |4 0 |6 262_910000000000000_JUA_1987 |7 0 |8 A |9 296037 |a BIBTEO |b BIBTEO |e Villagrán Garnham, Jorge |i 5239117 |o 262.91 JUA 1987 |p 5239117 |r 2025-01-17 |w 2019-11-20 |y BK |z Catalogado en:20160908 |k ICR | ||